Thơ Chế Lan Viên với phong cách suy tưởng
Nghiên cứu phê bình thơ Chế Lan Viên qua đó thấy được nghệ thuật suy tưởng hay là suy tưởng thơ của Chế Lan Viên. Tập hợp các bài thơ tuyển của Chế Lan Viên
Zapisane w:
| 1. autor: | |
|---|---|
| Format: | Książka |
| Język: | Vietnamese |
| Wydane: |
H.
Đại học Quốc gia Hà Nội
2009
|
| Hasła przedmiotowe: | |
| Etykiety: |
Dodaj etykietę
Nie ma etykietki, Dołącz pierwszą etykiete!
|
| Thư viện lưu trữ: | Mạng thư viện Đại học Đà Nẵng |
|---|
| LEADER | 01345nam a2200361 4500 | ||
|---|---|---|---|
| 001 | 000004396 | ||
| 003 | 535 | ||
| 005 | 20121211001225.0 | ||
| 008 | 110720s2009 viesd | ||
| 020 | |c 49500 | ||
| 041 | 0 | |a vie | |
| 082 | |a 895.9221 |b NG-T | ||
| 100 | 0 | |a Nguyễn Bá Thành | |
| 245 | 0 | |a Thơ Chế Lan Viên với phong cách suy tưởng |c Nguyễn Bá Thành | |
| 260 | |a H. |b Đại học Quốc gia Hà Nội |c 2009 | ||
| 300 | |a 415 tr |c 21 cm | ||
| 520 | |a Nghiên cứu phê bình thơ Chế Lan Viên qua đó thấy được nghệ thuật suy tưởng hay là suy tưởng thơ của Chế Lan Viên. Tập hợp các bài thơ tuyển của Chế Lan Viên | ||
| 653 | |a Nghiên cứu văn học | ||
| 653 | |a Thơ | ||
| 653 | |a Tác giả | ||
| 653 | |a Tác phẩm | ||
| 653 | |a Văn học Việt Nam | ||
| 910 | |a Nguyễn Thị Kim Oanh |d 20/ 07/ 2011 | ||
| OWN | |a LSP | ||
| AVA | |a UDN50 |b LSP |d 895.9221 NG-T |e check_holdings |t Error 5003 Not defined in file expand_doc_bib_avail. |h N |k 1 | ||
| 999 | |a From the UDN01 | ||
| AVA | |a UDN50 |b LSP |d 895.9221 NG-T |e available |t Error 5001 Not defined in file expand_doc_bib_avail. |f 20 |g 0 |h N |i 0 |k 1 | ||
| TYP | |a Monograph | ||
| TYP | |a Printed language | ||
| 980 | |a Mạng thư viện Đại học Đà Nẵng | ||